| 000 | 01125cam a2200265 4500 | ||
|---|---|---|---|
| 001 | WB3743-20 | ||
| 008 | 011113n2001 000 0 eng u | ||
| 035 | _a(Sirsi) u115577 | ||
| 245 | _aFalconer's spending review agenda | ||
| 260 | _c2001 | ||
| 490 |
_aInside Housing _v9 November 2001, 1(1) |
||
| 520 | _aLord Falconer reveals that four of his six priorities for the 2003-2006 spending review will focus on improving social housing, addressing affordability in London, tackling homeless households, and dealing with low demand in the north and midlands. However, a Chartered Insitute of Housing report warns that 1.2m homes must be transferred in the next five years to meet the 2010 government target and the Insitute calls for an extra £1.36bn in the spending review. | ||
| 590 | _aWB | ||
| 650 | _aSOCIAL HOUSING | ||
| 650 | _aCIH | ||
| 650 | _aHOUSING STOCK TRANSFER | ||
| 650 | _aGOVERNMENT SPENDING | ||
| 650 | _aLARGE SCALE VOLUNTARY TRANSFERS | ||
| 650 | _aHOMELESS | ||
| 650 | _aHOUSING DEMAND | ||
| 650 | _aLONDON | ||
| 650 |
_aAffordable housing _96215 |
||
| 690 | _aHOUSING | ||
| 942 | _n0 | ||
| 999 |
_c68831 _d68831 |
||